|
|
|
|
| LEADER |
00979nam a2200241 a 4500 |
| 001 |
2369502 |
| 008 |
100615r20021998ilua b 001 0 eng d |
| 010 |
|
|
|a 84023491
|
| 020 |
|
|
|a 057421755X
|
| 040 |
|
|
|a DLC
|c DLC
|d DLC
|d BD-DhAAL
|
| 082 |
0 |
0 |
|a 004/.01/51
|2 19
|
| 100 |
1 |
|
|a Doerr, Alan,
|d 1938-
|
| 245 |
1 |
0 |
|a Applied discrete structures for computer science /
|c Alan Doerr, Kenneth Levasseur.
|
| 250 |
|
|
|a Asian Student Edition
|
| 260 |
|
|
|a Chicago :
|b Science Research Associates, ;
|a New Delhi:
|b Galgotia Publications
|c c1998.[Reprinted 2000]
|
| 300 |
|
|
|a xx, 523 p. :
|b ill. ;
|c 25 cm.
|
| 504 |
|
|
|a Includes Bibliography (p. 512-514.) and index.
|
| 541 |
1 |
|
|e 00007737
|
| 650 |
|
0 |
|a Computer science
|x Mathematics.
|
| 700 |
1 |
|
|a Levasseur, Kenneth,
|d 1950-
|
| 852 |
4 |
|
|a Ayesha Abed Library
|j General shelf
|
| 999 |
|
|
|c 8973
|d 8973
|
| 952 |
|
|
|0 0
|1 0
|2 ddc
|4 0
|6 004_015100000000000_DOE_2000
|7 0
|9 11094
|a BRACUL
|b BRACUL
|c GEN
|d 2010-06-20
|l 0
|o 004.0151 DOE
|p 3010007737
|r 2010-06-20
|t 1
|w 2010-06-20
|y BK
|